|
|
|
|
| LEADER |
00000nam a2200000 a 4500 |
| 001 |
vtls001398966 |
| 003 |
SK-MaSNL |
| 005 |
20260301071648.0 |
| 008 |
240318s2000 xo ae r y slo |
| 015 |
|
|
|a SNBA2000/12-04427
|
| 020 |
|
|
|a 8096832522
|
| 035 |
|
|
|a SNK000353419
|
| 035 |
|
|
|a urn:nbn:sk:snk-amklwy
|
| 035 |
|
|
|a urn:nbn:sk:snk-am003be6
|
| 035 |
|
|
|a 6D4F8BBA-2290-49EE-862F-37DE8B14DC15
|
| 040 |
|
|
|a SNK
|b slo
|c SNK
|e AACR2
|
| 041 |
0 |
|
|a slo
|
| 044 |
|
|
|a xo
|c SK
|
| 080 |
|
|
|a 808.54-087(038)
|2 1981
|
| 100 |
1 |
|
|a Lazorík, Ján,
|d 1920-2015
|4 aut
|9 160886
|
| 245 |
1 |
0 |
|a Žic znamena rečovac
|b nárečové slová nemeckého pôvodu z hornotoryského kraja i z okolia : v reči, rozprávaní i v piesňach našich predkov
|c [Ján Lazorík]
|
| 260 |
|
|
|a Prešov
|b Arkus
|c 2000
|
| 300 |
|
|
|a 111 s.
|b fotogr.
|c 21 cm
|
| 500 |
|
|
|a Údaj o aut. prevzatý z obalu
|
| 504 |
|
|
|a Abec. slovník
|
| 650 |
0 |
7 |
|a slovenčina
|2 SNK
|9 1350
|
| 655 |
|
7 |
|a slovníky
|2 SNK
|9 70413
|
| 919 |
|
|
|a 80-968325-2-2
|
| 958 |
|
|
|a TL
|
| 999 |
|
|
|c 638549
|d 640479
|
| 952 |
|
|
|t P60, <09>, [BOOK], {629}
|a SNK
|b SNK
|y NEVYP
|7 0
|o snkC 583
|i snk1132/20001102
|0 0
|1 0
|4 0
|d 2000-10-31
|l 0
|r 2005-01-02 00:00:00
|w 2026-02-23
|
| 952 |
|
|
|t P60, <03>, [BOOK], {603}
|a SNK
|b SNK
|y PREZ
|7 0
|p 17A0256766
|o snkSC 103033
|i snkKSP 11222/2000
|0 0
|1 0
|4 0
|d 2000-10-31
|f 1
|l 0
|r 2025-09-24 00:00:00
|w 2026-02-23
|
| 952 |
|
|
|t P60, <04>, [BOOK], {604}
|a SNK
|b SNK
|y VYP
|7 0
|p 17A0256767
|o snkSC 103033 D1
|i snkKSP 11223/2000
|0 0
|1 0
|4 0
|d 2000-10-31
|l 0
|r 2005-01-02 00:00:00
|w 2026-02-23
|